000
00254nam a2200109Ia 4500
008
190216s9999||||xx |||||||||||||| ||und||
100
_a
Lathif Gongi
245
0
_a
Hindi-Meri Mouth Ka Badh
260
_b
Indraprastha Press
650
_a
Hindi
942
_c
BK
999
_c
15495
_d
15495